Criptografía. Técnicas de desarrollo para profesionales

Salvato in:
Dettagli Bibliografici
Autore principale: Maiorano, Ariel
Natura: Sconosciuto
Lingua:inglese
Pubblicazione: Buenos Aires, Argentina Alfaomega 2009
Edizione:Primera edición
Soggetti:
Tags: Aggiungi Tag
Nessun Tag, puoi essere il primo ad aggiungerne!!

MARC

LEADER 00000 a2200000 4500
003 CL-VaPUC
005 20201217100854.0
008 201207b ||||| |||| 00| 0 eng d
999 |c 432325  |d 432323 
020 |a 9789872311384/ 9789873832321 
040 |c Pontificia Universidad Católica de Valparaíso 
082 |a 005.82 MAI 2009 
100 |a Maiorano, Ariel  |9 858589 
245 |a Criptografía.  |b Técnicas de desarrollo para profesionales 
250 |a Primera edición  
260 |a Buenos Aires, Argentina   |b Alfaomega  |c 2009 
300 |a 292 páginas  
583 |k Hugo Gaete  |c 20201207 
650 |a Seguridad informática   |9 469130 
650 0 |9 271217  |a Criptografía  
852 |a BIBCUR 
942 |2 ddc  |c BK 
952 |0 0  |1 0  |2 ddc  |4 0  |6 005_820000000000000_MAI_2009  |7 0  |8 A  |9 577145  |a BIBING  |b BIBING  |d 2020-12-15  |e 82  |g 17083.00  |i 5579953  |o 005.82 MAI 2009  |p 5579953  |r 2025-01-20  |t 1  |v 17083.00  |w 2020-12-15  |y BK  |k CCI 
952 |0 0  |1 0  |2 ddc  |4 0  |6 005_820000000000000_MAI_2009  |7 0  |8 A  |9 577146  |a BIBING  |b BIBING  |d 2020-12-15  |e 82  |g 17083.00  |i 5579961  |o 005.82 MAI 2009  |p 5579961  |r 2025-01-20  |t 2  |v 17083.00  |w 2020-12-15  |y BK  |k CCI